Southville International School and Colleges
Your cart is empty.
  • Cart
  • Lists
    Public lists Eva Luna New books Lux_list list_1
    Your lists Log in to create your own lists
  • Log in to your account
  • Your cookies
  • Search history
Southville International School and Colleges
  • Advanced search
  • Recent comments
  • Most popular
  • Libraries

Log in to your account

Log in with GOOGLE


If you do not have an external account, but do have a local account, you can still log in:

  1. Home
  2. MARC view: The bamboo organ of Las Piñas /
Normal view MARC view ISBD view

The bamboo organ of Las Piñas / (Record no. 289033)

[ view plain ]
MARC details
000 -LEADER
fixed length control field 01060cam a2200277 a 4500
001 - CONTROL NUMBER
control field 14914435
003 - CONTROL NUMBER IDENTIFIER
control field PILC
005 - DATE AND TIME OF LATEST TRANSACTION
control field 20160105123349.0
008 - FIXED-LENGTH DATA ELEMENTS--GENERAL INFORMATION
fixed length control field 070703s2006 ph a b 000 0 eng
010 ## - LIBRARY OF CONGRESS CONTROL NUMBER
LC control number 2006425193
020 ## - INTERNATIONAL STANDARD BOOK NUMBER
International Standard Book Number 9719335602
040 ## - CATALOGING SOURCE
Original cataloging agency DLC
Transcribing agency DLC
042 ## - AUTHENTICATION CODE
Authentication code lcode
043 ## - GEOGRAPHIC AREA CODE
Geographic area code a-ph---
050 00 - LIBRARY OF CONGRESS CALL NUMBER
Classification number ML 594.P55
Item number .Sa27 2006
100 1# - MAIN ENTRY--PERSONAL NAME
Personal name Samson, Helen F.
245 14 - TITLE STATEMENT
Title The bamboo organ of Las Piñas /
Statement of responsibility, etc by Helen Samson-Lauterwald.
250 ## - EDITION STATEMENT
Edition statement 2nd edition, revised, and updated.
260 ## - PUBLICATION, DISTRIBUTION, ETC. (IMPRINT)
Place of publication, distribution, etc Las Piñas, Metro Manila :
Name of publisher, distributor, etc Bamboo Organ Foundation,
Date of publication, distribution, etc 2006.
300 ## - PHYSICAL DESCRIPTION
Extent xvii, 190 pages :
Other physical details illustrations (some color) ;
Dimensions 22 cm.
500 ## - GENERAL NOTE
General note Includes bibliographical references.
610 10 - SUBJECT ADDED ENTRY--CORPORATE NAME
Corporate name or jurisdiction name as entry element Las Piñas, Philippine Islands.
Subordinate unit St. Joseph (Church)
General subdivision Organs.
906 ## - LOCAL DATA ELEMENT F, LDF (RLIN)
a 7
b cbc
c origode
d 3
e ncip
f 20
g y-gencatlg
942 ## - ADDED ENTRY ELEMENTS (KOHA)
Source of classification or shelving scheme Library of Congress Classification
Koha item type Books
Call number prefix Filipininana
Holdings
Withdrawn status Lost status Source of classification or shelving scheme Damaged status Home library Current library Shelving location Date acquired Source of acquisition Sub Shelving location Total Checkouts Full call number Barcode Date last seen Price effective from Koha item type
    Library of Congress Classification   College Library College Library Filipiniana Section 01/05/2016 Donation     ML 594.P55 .Sa27 2006 C20340 05/08/2018 01/05/2016 Books

The bamboo organ of Las Piñas /

APA

Samson H. F., . (2006). The bamboo organ of Las Piñas. Las Piñas, Metro Manila: Bamboo Organ Foundation.

Chicago

Samson Helen F, . 2006. The bamboo organ of Las Piñas. Las Piñas, Metro Manila: Bamboo Organ Foundation.

Harvard

Samson H. F., . (2006). The bamboo organ of Las Piñas. Las Piñas, Metro Manila: Bamboo Organ Foundation.

MLA

Samson Helen F, . The bamboo organ of Las Piñas. Las Piñas, Metro Manila: Bamboo Organ Foundation. 2006.

  • Place hold
  • Print
  • Cite
  • Add to your cart (remove)
  • Save record
    BIBTEX Dublin Core MARCXML MARC (non-Unicode/MARC-8) MARC (Unicode/UTF-8) MARC (Unicode/UTF-8, Standard) MODS (XML) RIS
  • More searches
    Search for this title in:
    Other Libraries (WorldCat) Other Databases (Google Scholar) Online Stores (Bookfinder.com) Open Library (openlibrary.org)

Exporting to Dublin Core...

SOUTHVILLE LIBRARY

Southville International School and Colleges Library

1281 Tropical Ave. Cor. Luxembourg St., BF Homes International, Las Pinas City

Tel. No. 8256374 / 252358 Loc. 117/146

Powered by Koha